000
00236nmm a2200097Ia 4500
008
220120s9999||||xx |||||||||||||||||und||
082
_a
004.2 NOE
100
_a
Noergaard, Tammy
245
0
_a
Embedded systems architecture
260
_c
2005
999
_c
138950
_d
138950